000 00771nam a2200169 a 4500
001 000015695
005 20200929164125.0
008 100217s1915 dr 000 0 spa d
040 _aDO-SdBNP
_bspa
_cBNPHU
082 _axxx
_bC172r
100 1 _aCamarena Perdomo, M. de J.
_932242
245 1 0 _aRecopilación ordenada y sistematizada de las diferentes decisiones rendidas por el consejo superior de aduanas de la república, precedido de un brebe estudio sobre diferentes casos prácticos de la doctrina y la jurisprudencia /
_cM. de J. Camarena Perdomo.
260 _aSanto Domingo.
_fEscobar
_c1915.
300 _a169 p. ;
_c24 cm.
500 _aPublicada con los auspicios de la Honorable Cámara de Comercio, Industria y Agricultura de Santo Domingo
049 _aBNPD
999 _c15247
_d15247